| 000 | 00510 a2200181 4500 | ||
|---|---|---|---|
| 003 | OSt | ||
| 005 | 20231212094048.0 | ||
| 008 | 231210b |||||||| |||| 00| 0 eng d | ||
| 020 | _a9789357320610 | ||
| 040 | _coclc | ||
| 082 |
_a894.8128 _bJOY/C |
||
| 100 |
_aJoyce, Trisha _99779 |
||
| 245 |
_aChatGPTyum Nirmmithabuddhiyum / _cTrisha Joyce |
||
| 250 | _a2nd ed. | ||
| 260 |
_aKottayam: _bD C Books, _c2023. |
||
| 300 | _a128p. | ||
| 942 |
_2ddc _cBK _h894.8128 _iJOY/C _k894.8128 _mJOY/C |
||
| 999 |
_c44063 _d44063 |
||